000 00298nam a22001337a 4500
008 170825b xxu||||| |||| 00| 0 eng d
020 _a9780071363884
041 _aeng
080 _a070
100 _a39
101 _aMED
245 _aBROADCAST NEWS HANDBOOK
_cKALBFELD.B
942 _2udc
_cBK
999 _c25081
_d25081